Statistics for Top 10 largest cities in Europe

Click here to take the quiz!

General Stats

  • This quiz has been taken 57 times
  • The average score is 8 of 10

Answer Stats

Answer% Correct
London
98%
Berlin
96%
Madrid
96%
Paris
96%
Moscow
92%
Barcelona
71%
Istanbul
71%
Kiev
71%
St.Petersburg
65%
Manchester
35%

Score Distribution

Percentile by Number Answered

Percent of People with Each Score

Your Score History

You have not taken this quiz